pierwiastki - Statystyki

Ogólne statystyki
  • Ten quiz został rozwiązany 147 razy
  • Średni wynik to 50 z 81
Statystyki odpowiedzi
SYMBOL Odpowiedź % Poprawnych
H wodór
98%
Tl tal
97%
Mg magnez
95%
Au złoto
95%
Li lit
94%
O tlen
94%
K potas
93%
Fe żelazo
92%
Be beryl
91%
Zn cynk
91%
He hel
91%
Na sód
91%
Br brom
90%
N azot
88%
Cl chlor
88%
Cu miedź
88%
S siarka
88%
Ag srebro
88%
P fosfor
86%
B bor
85%
F fluor
82%
Po polon
82%
Al glin
81%
Ra rad
81%
Ca wapń
81%
Cr chrom
80%
Sn cyna
80%
Si krzem
80%
Mn mangan
77%
Ar argon
76%
Ne neon
76%
Ni nikiel
76%
Hg rtęć
76%
Ba bar
75%
Xe ksenon
73%
Ga gal
72%
Co kobalt
72%
Pb ołów
70%
I jod
68%
Se selen
68%
Ti tytan
67%
Kr krypton
61%
As arsen
60%
Ge german
60%
Bi bizmut
58%
Y itr
56%
Pt platyna
56%
Rb rubid
56%
V wanad
56%
Cs cez
55%
Sc skand
55%
Nb niob
52%
Os osm
52%
Fr frans
50%
In ind
48%
W wolfram
47%
Sr stront
44%
Ir iryd
43%
Cd kadm
43%
Pd pallad
39%
At astat
38%
Mo molibden
38%
Te tellur
38%
Sb antymon
36%
Zr cyrkon
36%
Re ren
36%
Rn radon
35%
Ta tantal
35%
Ru ruten
34%
Tc technet
34%
Cn kopernik
33%
Rg roentgen
33%
Db dubn
32%
Hf hafn
31%
Hs has
27%
Rh rod
26%
Rf rutherford
25%
Ds darmsztadt
24%
Sg seaborg
23%
Mt meitner
20%
Bh bohn
6%
Nie znaleziono quizów pasujących do podanych kryteriów
Rozkład punktacji
Procent ludzi z każdym wynikiem
Percentyl według liczby udzielonych odpowiedzi
Twoja historia wyników
Nie rozwiązałeś tego quizu